[Event "CAN-op"]
[Site "Edmonton CAN"]
[Date "2000.07.10"]
[Round "4"]
[White "Jiganchine, Roman"]
[Black "Kaptsan, Aron"]
[Result "1/2-1/2"]
[WhiteElo "2199"]
[BlackElo "2073"]
[PlyCount "42"]
[GameId "2160767911686360"]
[EventDate "2000.07.08"]
[EventType "swiss"]
[EventRounds "10"]
[EventCountry "CAN"]

1. e4 e5 2. Nf3 Nc6 3. Bb5 a6 4. Ba4 Nf6 5. O-O Be7 6. Re1 b5 7. Bb3 d6 8. c3 O-O 9. h3 Nb8 10. d4 Nbd7 11. Nbd2 Bb7 12. Bc2 Re8 13. Nf1 exd4 14. cxd4 d5 15. e5 Ne4 16. Be3 c5 17. N1d2 cxd4 18. Bxd4 Bb4 19. a3 Bxd2 20. Nxd2 Nxe5 21. Nxe4 dxe4 1/2-1/2

[Event "CAN-op"]
[Site "Edmonton CAN"]
[Date "2000.07.10"]
[Round "4"]
[White "Kazakevich, Alexander"]
[Black "Tsui, Edwin"]
[Result "0-1"]
[WhiteElo "1752"]
[BlackElo "1548"]
[PlyCount "82"]
[GameId "2160767911686361"]
[EventDate "2000.07.08"]
[EventType "swiss"]
[EventRounds "10"]
[EventCountry "CAN"]

1. d4 Nf6 2. Nc3 g6 3. e4 d6 4. Nf3 Bg7 5. h3 O-O 6. Be3 c5 7. d5 a6 8. a4 Bd7 9. Be2 Qa5 10. Bd2 Qb4 11. Bd3 c4 12. Be2 Qxb2 13. O-O Ne8 14. Ra2 Qb6 15. Be3 Qd8 16. Bd4 e5 17. dxe6 Bxe6 18. Bxg7 Kxg7 19. Qd4+ Nf6 20. Bxc4 Nc6 21. Qd3 Nb4 22. Qe2 Nxa2 23. Nxa2 Bxc4 24. Qxc4 Re8 25. Nc3 Rc8 26. Qd4 Kg8 27. Rb1 b6 28. Rxb6 Nxe4 29. Nd5 Rc5 30. c4 Re6 31. Rxa6 Qc8 32. Ra7 Rxc4 33. Qb2 Qd8 34. Qb7 Qf8 35. Ra8 Re8 36. Ne7+ Kg7 37. Ra7 Nc5 38. Qb2+ f6 39. Nf5+ Kg8 40. Nxd6 Qxd6 41. Ng5 Re1# 0-1

[Event "CAN-op"]
[Site "Edmonton CAN"]
[Date "2000.07.10"]
[Round "4"]
[White "Kazakevich, Anastasia"]
[Black "Veszely, Frank"]
[Result "0-1"]
[WhiteElo "1608"]
[BlackElo "1936"]
[PlyCount "130"]
[GameId "2160767911686362"]
[EventDate "2000.07.08"]
[EventType "swiss"]
[EventRounds "10"]
[EventCountry "CAN"]

1. d4 Nf6 2. c4 e5 3. e3 exd4 4. exd4 Bb4+ 5. Bd2 Bxd2+ 6. Qxd2 O-O 7. Nc3 d5 8. b3 Nc6 9. Nf3 Bg4 10. Be2 Ne4 11. Nxe4 dxe4 12. Ng1 Qxd4 13. Qxd4 Nxd4 14. Rd1 Bxe2 15. Nxe2 Nc2+ 16. Kd2 Nb4 17. a3 Nd3 18. Ke3 f5 19. Nc1 f4+ 20. Ke2 Nxc1+ 21. Rxc1 f3+ 22. gxf3 exf3+ 23. Kd2 Rad8+ 24. Kc2 Rde8 25. Rcd1 Re2+ 26. Rd2 Rxd2+ 27. Kxd2 Re8 28. Re1 Rd8+ 29. Ke3 Kf7 30. Rc1 Kf6 31. Kxf3 Kf5 32. Rb1 Rd3+ 33. Kg2 h5 34. a4 g5 35. b4 Rc3 36. c5 g4 37. a5 h4 38. Kg1 h3 39. Kf1 Rc2 40. Ke1 Ke5 41. Kf1 Kf4 42. Ke1 Ke4 43. Kf1 Kd3 44. Rb3+ Kd2 45. Rb1 Rc4 46. Kg1 Kc2 47. Re1 Rxb4 48. Kf1 Rc4 49. Re5 Kd3 50. Rd5+ Kc3 51. Rg5 Kb4 52. a6 bxa6 53. Rg7 Kxc5 54. Rxc7+ Kb4 55. Rxa7 a5 56. Ke2 a4 57. f3 Rc2+ 58. Ke3 Rc3+ 59. Kf2 Rxf3+ 60. Ke2 a3 61. Rb7+ Kc4 62. Ra7 Kb3 63. Rb7+ Kc2 64. Ra7 Kb2 65. Rb7+ Rb3 0-1

[Event "CAN-op"]
[Site "Edmonton CAN"]
[Date "2000.07.10"]
[Round "4"]
[White "Kleist, Frederick"]
[Black "Benjamin, Joel"]
[Result "0-1"]
[WhiteElo "2139"]
[BlackElo "2552"]
[PlyCount "56"]
[GameId "2160767911686364"]
[EventDate "2000.07.08"]
[EventType "swiss"]
[EventRounds "10"]
[EventCountry "CAN"]

1. d4 d6 2. c4 e5 3. Nf3 e4 4. Ng5 f5 5. Nc3 Be7 6. Nh3 c6 7. d5 Na6 8. g3 Nf6 9. Bg2 Nc7 10. O-O O-O 11. f3 cxd5 12. cxd5 b5 13. b4 a5 14. Ba3 Na6 15. Rb1 Bd7 16. Qd4 Nh5 17. Rfc1 Bf6 18. Qe3 Be5 19. f4 Bxc3 20. Rxc3 axb4 21. Bxb4 Nxb4 22. Rxb4 Rxa2 23. Ra3 Rxa3 24. Qxa3 Qb6+ 25. e3 Nf6 26. Rd4 Qc5 27. Qb3 Ra8 28. Bf1 Ra3 0-1

[Event "CAN-op"]
[Site "Edmonton CAN"]
[Date "2000.07.10"]
[Round "4"]
[White "Lauritson, Jim"]
[Black "Malito, Skylar"]
[Result "1-0"]
[WhiteElo "2057"]
[BlackElo "1505"]
[PlyCount "94"]
[GameId "2160767911686365"]
[EventDate "2000.07.08"]
[EventType "swiss"]
[EventRounds "10"]
[EventCountry "CAN"]

1. e4 c5 2. Nf3 d6 3. d4 cxd4 4. Nxd4 Nc6 5. Nc3 g6 6. Be2 Bg7 7. Be3 Nf6 8. O-O O-O 9. Nb3 Rb8 10. f4 a6 11. a4 Qc7 12. a5 Nd7 13. Nd5 Qd8 14. Ra2 e6 15. Nc3 Qc7 16. Qd2 b5 17. Rd1 Bxc3 18. Qxc3 Bb7 19. Bf3 Rbc8 20. Qd2 Rfd8 21. Raa1 d5 22. exd5 exd5 23. Qf2 Ne7 24. Nd4 Qd6 25. Qg3 Qf6 26. c3 Nc5 27. Rf1 Ne4 28. Bxe4 dxe4 29. f5 Bd5 30. Bg5 Qd6 31. Qxd6 Rxd6 32. Bxe7 Rd7 33. Bg5 Re8 34. Be3 Bc4 35. Rf2 Rd6 36. fxg6 Rxg6 37. Rd1 Bd3 38. Rdd2 Rc8 39. Nf5 Re8 40. Rf4 Ree6 41. Rdf2 f6 42. Bd4 Kf7 43. Ne3 h5 44. Nd5 Rh6 45. Rxf6+ Rhxf6 46. Rxf6+ Rxf6 47. Nxf6 e3 1-0

[Event "CAN-op"]
[Site "Edmonton CAN"]
[Date "2000.07.10"]
[Round "4"]
[White "Lee, Jason"]
[Black "Panjwani, Dilip"]
[Result "1-0"]
[WhiteElo "1958"]
[BlackElo "1599"]
[PlyCount "37"]
[GameId "2160767911686368"]
[EventDate "2000.07.08"]
[EventType "swiss"]
[EventRounds "10"]
[EventCountry "CAN"]

1. d4 Nf6 2. c4 e6 3. Nc3 Bb4 4. Qc2 O-O 5. Bg5 b6 6. Nf3 Bb7 7. e3 d6 8. Bd3 Nbd7 9. Bxh7+ Nxh7 10. Bxd8 Raxd8 11. Rg1 Ndf6 12. Nd2 c5 13. g4 Ng5 14. h4 Nge4 15. g5 Nxd2 16. gxf6 Nf3+ 17. Ke2 Nxg1+ 18. Rxg1 cxd4 19. Rxg7+ 1-0

[Event "CAN-op"]
[Site "Edmonton CAN"]
[Date "2000.07.10"]
[Round "4"]
[White "Leku, Eset"]
[Black "Thompson, Brent"]
[Result "1-0"]
[WhiteElo "1713"]
[BlackElo "1381"]
[PlyCount "109"]
[GameId "2160767911686369"]
[EventDate "2000.07.08"]
[EventType "swiss"]
[EventRounds "10"]
[EventCountry "CAN"]

1. e4 e5 2. Nf3 Nc6 3. d4 exd4 4. Nxd4 Nf6 5. Nc3 Bb4 6. Bg5 O-O 7. Bc4 d6 8. O-O Re8 9. Nxc6 bxc6 10. Re1 Be6 11. Bd3 h6 12. Bh4 d5 13. e5 g5 14. exf6 gxh4 15. a3 Bd6 16. Qf3 Rb8 17. Rab1 Kh8 18. Rxe6 Rxe6 19. Qf5 Qg8 20. Ne2 Re5 21. Qf3 Qg5 22. c3 Qh5 23. Qxh5 Rxh5 24. b4 c5 25. Rd1 cxb4 26. cxb4 Be5 27. b5 Bxf6 28. f4 Kg7 29. Kf2 d4 30. f5 Kf8 31. Nf4 Rg5 32. Nd5 Be5 33. h3 f6 34. a4 Ke8 35. Nb4 Kd7 36. Be4 Rg3 37. Bf3 Rb6 38. Nd5 Rd6 39. Nb4 Rg5 40. Be4 Rg3 41. Bf3 Bf4 42. Ke2 Rg5 43. Be4 Kc8 44. Nc6 Rg8 45. Nxa7+ Kd7 46. a5 Ke7 47. Nc6+ Rxc6 48. Bxc6 Be3 49. Kd3 Kd6 50. a6 Kc5 51. a7 Kb6 52. a8=Q Rxa8 53. Bxa8 Ka7 54. Bc6 Kb6 55. Kc4 1-0

[Event "CAN-op"]
[Site "Edmonton CAN"]
[Date "2000.07.10"]
[Round "4"]
[White "Li, Zhuoran"]
[Black "McLaughlin, Robert"]
[Result "1-0"]
[WhiteElo "1473"]
[BlackElo "1288"]
[PlyCount "51"]
[GameId "2160767911686370"]
[EventDate "2000.07.08"]
[EventType "swiss"]
[EventRounds "10"]
[EventCountry "CAN"]

1. e4 e6 2. d4 d5 3. e5 Nd7 4. f4 a6 5. Nf3 f6 6. Bd3 Ne7 7. Be3 Nf5 8. Qe2 Nxe3 9. Qxe3 fxe5 10. fxe5 Be7 11. Nbd2 c5 12. c3 c4 13. Bc2 b5 14. O-O O-O 15. Rf2 Nb6 16. b3 Rb8 17. g3 Bd7 18. h4 a5 19. Raf1 h6 20. Nh2 Bc6 21. Ng4 Rxf2 22. Rxf2 Bxh4 23. Nxh6+ gxh6 24. Qxh6 Qe7 25. gxh4 Qg7+ 26. Rg2 1-0

[Event "CAN-op"]
[Site "Edmonton CAN"]
[Date "2000.07.10"]
[Round "4"]
[White "Lipnowski, Irwin"]
[Black "Sadov, Sergey"]
[Result "1-0"]
[WhiteElo "2349"]
[BlackElo "2119"]
[PlyCount "81"]
[GameId "2160767911686371"]
[EventDate "2000.07.08"]
[EventType "swiss"]
[EventRounds "10"]
[EventCountry "CAN"]

1. c4 c5 2. Nc3 g6 3. g3 Bg7 4. Bg2 Nc6 5. a3 Qa5 6. e3 Ne5 7. d3 d6 8. f4 Nc6 9. Bd2 Qd8 10. Nh3 e5 11. O-O Nge7 12. Rb1 O-O 13. Nf2 exf4 14. gxf4 Rb8 15. b4 cxb4 16. axb4 a5 17. bxa5 Nxa5 18. Nd5 Nac6 19. Qb3 Nxd5 20. cxd5 Ne7 21. Qb6 Bf5 22. Ba5 Qxb6 23. Bxb6 Rbc8 24. Ba5 Ra8 25. Bc7 Nc8 26. Rxb7 g5 27. fxg5 h6 28. h4 hxg5 29. hxg5 Re8 30. e4 Bg6 31. Bh3 Be5 32. Bxc8 Raxc8 33. Ng4 Bd4+ 34. Kg2 Re7 35. Rc1 Bc5 36. Rxc5 dxc5 37. d6 Kf8 38. dxe7+ Kxe7 39. Be5+ Ke8 40. Bd6 c4 41. Nf6+ 1-0

[Event "CAN-op"]
[Site "Edmonton CAN"]
[Date "2000.07.10"]
[Round "4"]
[White "Lipnowski, Michael"]
[Black "Gomboc, Dave"]
[Result "1/2-1/2"]
[WhiteElo "1618"]
[BlackElo "1991"]
[PlyCount "80"]
[GameId "2160767911686372"]
[EventDate "2000.07.08"]
[EventType "swiss"]
[EventRounds "10"]
[EventCountry "CAN"]

1. d4 d5 2. c4 e6 3. cxd5 exd5 4. Nc3 Nf6 5. Bg5 Be7 6. e3 O-O 7. Bd3 Nbd7 8. Nf3 Re8 9. O-O c6 10. Qc2 h6 11. Bh4 Nh5 12. Bxe7 Qxe7 13. Rab1 Nhf6 14. b4 b5 15. Nd2 Qd6 16. h3 Nb6 17. Be2 g6 18. Bd3 Kg7 19. a4 a6 20. Rfe1 Nh7 21. Nf3 Nf6 22. e4 dxe4 23. Nxe4 Nxe4 24. Bxe4 Nc4 25. axb5 axb5 26. Rbd1 Be6 27. Ne5 Bd5 28. Nxc4 Bxc4 29. Qc3 Bd5 30. Bxd5 Qxd5 31. Rxe8 Rxe8 32. Qc5 Rd8 33. Qxd5 Rxd5 34. Kf1 Kf6 35. Ke2 Ke6 36. Ke3 Rd7 37. Ra1 Kd5 38. Kd3 Re7 39. f3 h5 40. Ra8 Re1 1/2-1/2

[Event "CAN-op"]
[Site "Edmonton CAN"]
[Date "2000.07.10"]
[Round "4"]
[White "Lipnowski, Samuel"]
[Black "Winberg, Jim"]
[Result "1-0"]
[WhiteElo "2009"]
[BlackElo "1750"]
[PlyCount "105"]
[GameId "2160767911686373"]
[EventDate "2000.07.08"]
[EventType "swiss"]
[EventRounds "10"]
[EventCountry "CAN"]

1. c4 e5 2. g3 Nf6 3. Bg2 c6 4. d3 d5 5. cxd5 cxd5 6. Qb3 Nc6 7. Nf3 Bb4+ 8. Bd2 Bxd2+ 9. Nfxd2 O-O 10. O-O Nd4 11. Qd1 Qb6 12. Nc3 Rd8 13. Rb1 Be6 14. Nf3 Nxf3+ 15. Bxf3 e4 16. Bg2 Ng4 17. Qa4 exd3 18. exd3 Ne5 19. Rfd1 Bd7 20. Qf4 Ng6 21. Qd2 Bc6 22. d4 Qc7 23. Rbc1 Qd7 24. Qc2 Re8 25. Qb3 Rad8 26. Re1 Rxe1+ 27. Rxe1 f6 28. h4 Nf8 29. Qa3 a6 30. Re7 Qd6 31. Qxd6 Rxd6 32. Bh3 h6 33. Bc8 Nd7 34. Kg2 Kf8 35. Re3 Kf7 36. Ne2 Re6 37. Nf4 Rxe3 38. fxe3 g5 39. hxg5 hxg5 40. Nd3 a5 41. Kf3 f5 42. g4 fxg4+ 43. Kxg4 Kf6 44. b3 Bb5 45. Nf2 Bc6 46. Nh3 Kg6 47. Nxg5 Nf6+ 48. Kf4 Nh5+ 49. Kg4 Nf6+ 50. Kh4 Ne4 51. Nxe4 dxe4 52. Kg4 Kf6 53. Kf4 1-0

[Event "CAN-op"]
[Site "Edmonton CAN"]
[Date "2000.07.10"]
[Round "4"]
[White "MacNab, John"]
[Black "Bestvater, Eric"]
[Result "1/2-1/2"]
[WhiteElo "1674"]
[BlackElo "1699"]
[PlyCount "81"]
[GameId "2160767911686374"]
[EventDate "2000.07.08"]
[EventType "swiss"]
[EventRounds "10"]
[EventCountry "CAN"]

1. e4 c5 2. Nf3 d6 3. d4 cxd4 4. Nxd4 e6 5. Nc3 Nf6 6. Bc4 Be7 7. O-O O-O 8. Bb3 Nc6 9. Be3 Bd7 10. Qe2 a6 11. f4 Rc8 12. e5 dxe5 13. Nxc6 Bxc6 14. fxe5 Nd7 15. Rad1 Qc7 16. Bf4 b5 17. Qg4 Nxe5 18. Qg3 Bf6 19. Kh1 Qb7 20. Nd5 exd5 21. Bxe5 Bxe5 22. Qxe5 Rfd8 23. Rf2 Rc7 24. Re2 Kf8 25. Rde1 Rcc8 26. Re3 Re8 27. Qd6+ Kg8 28. Rxe8+ Rxe8 29. Rxe8+ Bxe8 30. Qxd5 Qxd5 31. Bxd5 a5 32. a3 b4 33. Kg1 Ba4 34. c3 bxc3 35. bxc3 Kf8 36. Kf2 Ke7 37. Ke3 f6 38. Kd4 Kd6 39. c4 Bc6 40. c5+ Kc7 41. g3 1/2-1/2

[Event "CAN-op"]
[Site "Edmonton CAN"]
[Date "2000.07.10"]
[Round "4"]
[White "Marghetis, Aris"]
[Black "Nystrom, Kurtis"]
[Result "1/2-1/2"]
[WhiteElo "2009"]
[BlackElo "1675"]
[PlyCount "56"]
[GameId "2160767911686375"]
[EventDate "2000.07.08"]
[EventType "swiss"]
[EventRounds "10"]
[EventCountry "CAN"]

1. e4 e5 2. Bc4 Nf6 3. d3 Be7 4. Nf3 Nc6 5. c3 O-O 6. Bb3 d5 7. Qe2 d4 8. cxd4 Nxd4 9. Nxd4 Qxd4 10. O-O Rd8 11. Bc2 Bg4 12. Qe1 Qb6 13. Nd2 Nd7 14. Nc4 Qg6 15. Kh1 Qc6 16. f3 Be6 17. Ne3 Nc5 18. Qe2 Na6 19. a3 Nc5 20. Nc4 Bxc4 21. dxc4 Ne6 22. b4 Nd4 23. Qd3 Nxc2 24. Qxc2 Rd4 25. c5 Rad8 26. Qb2 Qa4 27. Be3 Rd3 28. Rae1 Bf6 1/2-1/2

[Event "CAN-op"]
[Site "Edmonton CAN"]
[Date "2000.07.10"]
[Round "4"]
[White "Marks, Terry"]
[Black "Brodie, Hugh"]
[Result "1/2-1/2"]
[WhiteElo "1593"]
[BlackElo "1968"]
[PlyCount "43"]
[GameId "2160767911686376"]
[EventDate "2000.07.08"]
[EventType "swiss"]
[EventRounds "10"]
[EventCountry "CAN"]

1. d4 e6 2. Nf3 f5 3. b3 Nf6 4. Nbd2 Bb4 5. Bb2 b6 6. a3 Bxd2+ 7. Nxd2 Bb7 8. c4 O-O 9. e3 d6 10. h3 Nbd7 11. Nf3 Ne4 12. h4 f4 13. d5 fxe3 14. fxe3 e5 15. g4 Ng3 16. Rg1 Nxf1 17. Rxf1 Nf6 18. Ng5 Bc8 19. Qc2 Qe7 20. Rg1 Bd7 21. O-O-O Rae8 22. Rdf1 1/2-1/2

[Event "CAN-op"]
[Site "Edmonton CAN"]
[Date "2000.07.10"]
[Round "4"]
[White "Martin, Steve"]
[Black "Klokow, John"]
[Result "0-1"]
[WhiteElo "1266"]
[BlackElo "1783"]
[PlyCount "78"]
[GameId "2160767911686377"]
[EventDate "2000.07.08"]
[EventType "swiss"]
[EventRounds "10"]
[EventCountry "CAN"]

1. d4 Nf6 2. c4 e6 3. Nc3 Bb4 4. Nf3 c5 5. dxc5 Na6 6. Bd2 Nxc5 7. a3 Bxc3 8. Bxc3 Nce4 9. Bd4 O-O 10. h3 d5 11. e3 Bd7 12. Bd3 dxc4 13. Bxc4 Qe7 14. O-O Bc6 15. Ne5 Bd5 16. Rc1 a6 17. Ng4 Nxg4 18. Qxg4 f5 19. Qe2 Bxc4 20. Rxc4 Rad8 21. Be5 Rd2 22. Qh5 Rfd8 23. Rfc1 g6 24. Qh6 Rd1+ 25. Rxd1 Rxd1+ 26. Kh2 Nd6 27. Rh4 Rd5 28. Qxg6+ hxg6 29. Rh8+ Kf7 30. Rh7+ Ke8 31. Rxe7+ Kxe7 32. Bc3 Ne4 33. Bb4+ Kd7 34. f3 Nd2 35. Kg3 Nc4 36. Kf4 Nxb2 37. Kg5 f4+ 38. Kxg6 fxe3 39. h4 Nd3 0-1

[Event "CAN-op"]
[Site "Edmonton CAN"]
[Date "2000.07.10"]
[Round "4"]
[White "McIntyre, John"]
[Black "Planas, Rodolfo"]
[Result "1-0"]
[WhiteElo "1992"]
[BlackElo "1641"]
[PlyCount "67"]
[GameId "2160767911686378"]
[EventDate "2000.07.08"]
[EventType "swiss"]
[EventRounds "10"]
[EventCountry "CAN"]

1. e4 g6 2. f4 c6 3. d4 d5 4. e5 h5 5. Bd3 Bg4 6. Nf3 Nh6 7. Nbd2 e6 8. O-O h4 9. Qe1 Bxf3 10. Nxf3 Nf5 11. Bxf5 gxf5 12. Ng5 Be7 13. Rf3 Nd7 14. Rb3 c5 15. c3 b6 16. c4 Nf8 17. cxd5 Qxd5 18. dxc5 bxc5 19. Be3 Ng6 20. Rd1 Qc6 21. h3 Bxg5 22. fxg5 Nxe5 23. Qc3 Ng6 24. Qxc5 Qxc5 25. Bxc5 Ne7 26. Bxe7 Kxe7 27. Rb7+ Kf8 28. Rdd7 Rh5 29. Rxf7+ Kg8 30. g6 a5 31. Rfe7 Kh8 32. Rxe6 Rg8 33. Rh7+ Rxh7 34. gxh7 1-0

[Event "CAN-op"]
[Site "Edmonton CAN"]
[Date "2000.07.10"]
[Round "4"]
[White "McKim, Fred"]
[Black "Day, Jonathan"]
[Result "1/2-1/2"]
[WhiteElo "2062"]
[BlackElo "1836"]
[PlyCount "131"]
[GameId "2160767911686379"]
[EventDate "2000.07.08"]
[EventType "swiss"]
[EventRounds "10"]
[EventCountry "CAN"]

1. d4 Nf6 2. Bg5 d5 3. Nc3 Nbd7 4. Nf3 b6 5. e3 Bb7 6. Be2 g6 7. O-O h5 8. Nh4 Nh7 9. f4 Ndf6 10. Bxf6 Nxf6 11. Bb5+ c6 12. Bd3 Rg8 13. Nf3 Qd6 14. Qe2 Bc8 15. h3 Bh6 16. Ne5 Bd7 17. a4 Bf5 18. Ba6 Bd7 19. Nxd7 Qxd7 20. Bd3 O-O-O 21. b4 g5 22. f5 h4 23. g4 hxg3 24. Qf3 Qd6 25. Ne2 g4 26. hxg4 Nxg4 27. Nf4 Nh2 28. Qg2 Rg7 29. f6 Qxf6 30. Nxd5 Bxe3+ 31. Nxe3 Nxf1 32. Rxf1 Qxd4 33. Qxc6+ Kb8 34. Qe4 Qxe4 35. Bxe4 Rd4 36. Nf5 Rxe4 37. Nxg7 Rxb4 38. Rxf7 e5 39. Nf5 Rxa4 40. Kg2 Ra3 41. Nxg3 Rc3 42. Rf2 a5 43. Ne4 Rc6 44. Kf3 Kb7 45. Ke3 Ka6 46. Kd3 b5 47. Rf5 a4 48. Rxe5 Kb6 49. Nc3 Rc5 50. Re8 Ka5 51. Na2 Rd5+ 52. Kc3 Rc5+ 53. Kb2 Rc4 54. Re5 Kb6 55. c3 Rf4 56. Nb4 Rf2+ 57. Ka3 Rf1 58. Re6+ Kc7 59. Nd5+ Kd7 60. Rb6 Rb1 61. Rh6 Rb3+ 62. Ka2 Kc8 63. Rh7 Kb8 64. Rc7 Ka8 65. Nf4 b4 66. cxb4 1/2-1/2

[Event "CAN-op"]
[Site "Edmonton CAN"]
[Date "2000.07.10"]
[Round "4"]
[White "Miller, Chris"]
[Black "Martinson, Rick"]
[Result "0-1"]
[WhiteElo "1557"]
[BlackElo "1750"]
[PlyCount "106"]
[GameId "2160767911686380"]
[EventDate "2000.07.08"]
[EventType "swiss"]
[EventRounds "10"]
[EventCountry "CAN"]

1. e4 g6 2. d4 Bg7 3. Nf3 d6 4. Nc3 Nf6 5. Be2 O-O 6. O-O Nbd7 7. Bf4 Nh5 8. Be3 e5 9. d5 f5 10. Ng5 Ndf6 11. Bxh5 Nxh5 12. Ne6 Bxe6 13. dxe6 f4 14. Bd2 c6 15. Qg4 Qe7 16. Rad1 Rae8 17. f3 Qxe6 18. Qxe6+ Rxe6 19. Be1 g5 20. Rd3 Nf6 21. Bf2 b6 22. Rfd1 Rd8 23. Kh1 Kf7 24. a4 Ke7 25. a5 Nd7 26. axb6 axb6 27. Ra1 h5 28. Ra6 Rb8 29. Na2 c5 30. Nc3 g4 31. Nd5+ Kd8 32. Ra7 Kc8 33. Bh4 Bf6 34. Bxf6 Nxf6 35. Nxf6 Rxf6 36. Rh7 Ra8 37. Rd1 Ra2 38. Rb1 gxf3 39. gxf3 Rg6 40. Rxh5 Kc7 41. Rh4 Kc6 42. Rg1 Rxg1+ 43. Kxg1 Rxb2 44. Rh6 Rxc2 45. h4 Ra2 46. Rg6 c4 47. h5 c3 48. Rg8 c2 49. Rc8+ Kb5 50. h6 Ra1+ 51. Kg2 c1=Q 52. Rxc1 Rxc1 53. h7 Rc8 0-1

[Event "CAN-op"]
[Site "Edmonton CAN"]
[Date "2000.07.10"]
[Round "4"]
[White "Milne, Arthur"]
[Black "Campbell, Brett"]
[Result "0-1"]
[WhiteElo "1929"]
[BlackElo "2229"]
[PlyCount "46"]
[GameId "2160767911686381"]
[EventDate "2000.07.08"]
[EventType "swiss"]
[EventRounds "10"]
[EventCountry "CAN"]

1. c4 e5 2. g3 Nc6 3. Bg2 g6 4. Nc3 Bg7 5. e4 d6 6. Nge2 Be6 7. d3 Qd7 8. Nd5 f5 9. Be3 Nf6 10. h3 O-O 11. Qd2 Nh5 12. O-O-O Nd4 13. Nxd4 exd4 14. Bh6 Bxh6 15. Qxh6 fxe4 16. g4 Ng7 17. Bxe4 Rxf2 18. Bf5 Nxf5 19. Nf6+ Kh8 20. gxf5 Qg7 21. Qxh7+ Qxh7 22. Nxh7 Rxf5 23. Rde1 Re8 0-1

[Event "CAN-op"]
[Site "Edmonton CAN"]
[Date "2000.07.10"]
[Round "4"]
[White "Nathani, Kaleim"]
[Black "Dewindt, Cor"]
[Result "1-0"]
[WhiteElo "1963"]
[BlackElo "1573"]
[PlyCount "85"]
[GameId "2160767911686382"]
[EventDate "2000.07.08"]
[EventType "swiss"]
[EventRounds "10"]
[EventCountry "CAN"]

1. e4 d5 2. exd5 Nf6 3. d4 Nxd5 4. c4 Nb6 5. Nf3 N8d7 6. Nc3 e6 7. Bd3 Nf6 8. O-O Be7 9. Re1 O-O 10. Bf1 Re8 11. Bf4 Nh5 12. Be3 Nf6 13. Bf4 Nh5 14. Be3 Nf6 15. h3 c6 16. Rb1 Bb4 17. a3 Bxc3 18. bxc3 Nbd7 19. Bf4 b6 20. a4 Ba6 21. Qc2 Rc8 22. Rbd1 Nf8 23. Bh2 N8d7 24. Ne5 Qe7 25. Qa2 Qf8 26. a5 b5 27. Nxd7 Nxd7 28. c5 Kh8 29. Bd6 Qg8 30. Bd3 Nf6 31. Bb1 Nd5 32. Qd2 Red8 33. Re4 Rd7 34. Rh4 f5 35. g4 Rf7 36. g5 Ne7 37. Bxe7 Rxe7 38. g6 h6 39. Qg5 Qf8 40. Ba2 Qd8 41. Rxh6+ Kg8 42. Rh8+ Kxh8 43. Qh5+ 1-0

[Event "CAN-op"]
[Site "Edmonton CAN"]
[Date "2000.07.10"]
[Round "4"]
[White "Neumann, Ralph"]
[Black "Robertson, Trevor"]
[Result "1-0"]
[WhiteElo "1707"]
[BlackElo "1266"]
[PlyCount "51"]
[GameId "2160767911686383"]
[EventDate "2000.07.08"]
[EventType "swiss"]
[EventRounds "10"]
[EventCountry "CAN"]

1. c4 c5 2. Nc3 Nf6 3. g3 Nc6 4. Bg2 g6 5. d3 Bg7 6. Nf3 d6 7. O-O O-O 8. Nh4 e5 9. f4 Ng4 10. Bxc6 bxc6 11. h3 Nh6 12. Kg2 Nf5 13. Nf3 exf4 14. Bxf4 d5 15. Qc2 Re8 16. e4 dxe4 17. Nxe4 Be5 18. Nxe5 Rxe5 19. Qc3 Qd4 20. Bxe5 Qxc3 21. Bxc3 Ne3+ 22. Kh2 Nxf1+ 23. Rxf1 f5 24. Nf6+ Kh8 25. Re1 Bb7 26. Re7 1-0

[Event "CAN-op"]
[Site "Edmonton CAN"]
[Date "2000.07.10"]
[Round "4"]
[White "Newton, Geoff"]
[Black "Haley, Phil"]
[Result "1-0"]
[WhiteElo "2044"]
[BlackElo "1828"]
[PlyCount "115"]
[GameId "2160767911686384"]
[EventDate "2000.07.08"]
[EventType "swiss"]
[EventRounds "10"]
[EventCountry "CAN"]

1. e4 d5 2. exd5 Qxd5 3. Nc3 Qa5 4. d4 Nf6 5. Nf3 Bf5 6. Bc4 e6 7. Bd2 c6 8. O-O Qc7 9. Re1 Be7 10. Qe2 Qd8 11. Bg5 O-O 12. Rad1 Nd5 13. Nxd5 Bxg5 14. Nc7 Qxc7 15. Nxg5 Nd7 16. g4 Qf4 17. gxf5 Qxg5+ 18. Kh1 Qxf5 19. Bd3 Qf4 20. Rg1 Nf6 21. Rg3 Kh8 22. Rdg1 Rg8 23. c3 Rad8 24. Rf3 Qh6 25. Qe5 Rd5 26. Qg3 Rd7 27. Qg2 Rd5 28. Rg3 g6 29. Qf3 Qg7 30. Bc4 Rd7 31. Rh3 Re8 32. b4 a6 33. a4 Kg8 34. b5 axb5 35. axb5 Kf8 36. bxc6 bxc6 37. Qxc6 Rdd8 38. Ra1 Rc8 39. Qd6+ Kg8 40. Bb5 Red8 41. Qe7 Nd5 42. Qg5 Rf8 43. Qd2 Rfd8 44. Ra7 Rc7 45. Rxc7 Nxc7 46. Bc4 Qf8 47. Bb3 Ra8 48. c4 Qd6 49. d5 h5 50. Qg5 Kh7 51. Bc2 f5 52. Rb3 exd5 53. c5 Qxc5 54. Bxf5 Qd6 55. Qxh5+ Kg7 56. Qg4 Ra6 57. Rg3 d4 58. Bxg6 1-0

[Event "CAN-op"]
[Site "Edmonton CAN"]
[Date "2000.07.10"]
[Round "4"]
[White "Niksic, John"]
[Black "Spraggett, Kevin"]
[Result "0-1"]
[WhiteElo "2125"]
[BlackElo "2501"]
[PlyCount "58"]
[GameId "2160767911686386"]
[EventDate "2000.07.08"]
[EventType "swiss"]
[EventRounds "10"]
[EventCountry "CAN"]
[SourceTitle "EXT 2001"]
[Source "ChessBase"]
[SourceDate "2000.11.22"]
[SourceVersion "1"]
[SourceVersionDate "2000.11.22"]
[SourceQuality "1"]

1. d4 Nf6 2. Nf3 e6 3. c4 b6 4. g3 Ba6 5. b3 Bb4+ 6. Bd2 Be7 7. Nc3 d5 8. Bg2 O-O 9. Ne5 Bb7 10. O-O Na6 11. Bg5 c5 12. cxd5 exd5 13. e3 Ne4 14. Bxe7 Qxe7 15. Rc1 Nb4 16. a3 Na6 17. a4 Nb4 18. Re1 Rac8 19. Nd3 cxd4 20. Nxe4 Rxc1 21. Nxc1 dxe3 22. Nd2 exf2+ 23. Kxf2 Qc5+ 24. Kf3 d4+ 25. Kf2 d3+ 26. Kf1 Bxg2+ 27. Kxg2 Nc2 28. Nxd3 Qd5+ 29. Qf3 Nxe1+ 0-1

[Event "CAN-op"]
[Site "Edmonton CAN"]
[Date "2000.07.10"]
[Round "4"]
[White "Nishida, Harold"]
[Black "Soerensen, Lyndon"]
[Result "1-0"]
[WhiteElo "2037"]
[BlackElo "1742"]
[PlyCount "99"]
[GameId "2160767911686387"]
[EventDate "2000.07.08"]
[EventType "swiss"]
[EventRounds "10"]
[EventCountry "CAN"]

1. e4 a6 2. d4 b5 3. f4 e6 4. Nf3 Bb7 5. Bd3 c5 6. c3 Qc7 7. Be3 c4 8. Bc2 Nf6 9. Nbd2 h6 10. h3 Be7 11. O-O d6 12. Qe1 Nc6 13. Qf2 Nd8 14. a4 d5 15. e5 Nd7 16. f5 Nf8 17. Qg3 Rg8 18. Bxh6 exf5 19. axb5 axb5 20. Bxf5 Nfe6 21. Be3 g6 22. Bxe6 Nxe6 23. Ng5 Bxg5 24. Bxg5 Nxg5 25. Qxg5 Qe7 26. Rxa8+ Bxa8 27. Qxe7+ Kxe7 28. Rf6 g5 29. Rb6 g4 30. hxg4 Rxg4 31. Kf2 b4 32. Rxb4 Bc6 33. Rb6 Ba4 34. Rd6 f5 35. Rxd5 Bc6 36. Rd6 Bxg2 37. Nxc4 Be4 38. Rf6 Rg2+ 39. Ke3 Bd5 40. Nd6 Rxb2 41. Nxf5+ Ke8 42. Rd6 Bc4 43. Rc6 Re2+ 44. Kf4 Bd5 45. Rc5 Rf2+ 46. Ke3 Rf3+ 47. Ke2 Ba8 48. Rc8+ Kd7 49. Rxa8 Rxf5 50. Ra6 1-0